00575nam a2200145Ia 4500008004100000245014600041260004500187260000900232300000800241500001300249650001300262856006200275999001900337952007300356170516s9999 xx 000 0 und d aQuantitative estimation of irbesartan in two different matrices and its application to human and dog bioavailability studies using LC–MS/MS bAsian Journal of Pharmaceutical Sciences c2013 a8:6 aDecember xPharmacy uhttp://www.sciencedirect.com/science/journal/18180876/8/6 c331827d331827 001040aCLbCLd2017-05-16l0r2017-05-16 00:00:00w2017-05-16yFOJ